<?xml version="1.0" encoding="UTF-8"?>
<record
    xmlns:xsi="http://www.w3.org/2001/XMLSchema-instance"
    xsi:schemaLocation="http://www.loc.gov/MARC21/slim http://www.loc.gov/standards/marcxml/schema/MARC21slim.xsd"
    xmlns="http://www.loc.gov/MARC21/slim">

  <leader>00583nam a2200193Ia 4500</leader>
  <controlfield tag="008">230125s9999    xx            000 0 und d</controlfield>
  <datafield tag="020" ind1=" " ind2=" ">
    <subfield code="a">81-259-1084-0</subfield>
  </datafield>
  <datafield tag="041" ind1=" " ind2=" ">
    <subfield code="a">eng</subfield>
  </datafield>
  <datafield tag="082" ind1=" " ind2=" ">
    <subfield code="a">658.152</subfield>
    <subfield code="b">PAN</subfield>
  </datafield>
  <datafield tag="100" ind1=" " ind2=" ">
    <subfield code="a">Pandian P</subfield>
    <subfield code="9">109634</subfield>
  </datafield>
  <datafield tag="245" ind1=" " ind2=" ">
    <subfield code="a">Security Analysis and Portfolio Management</subfield>
  </datafield>
  <datafield tag="260" ind1=" " ind2=" ">
    <subfield code="c">2010</subfield>
    <subfield code="b">Vikas Publishing House Pvt. Ltd.</subfield>
    <subfield code="a">Pune</subfield>
  </datafield>
  <datafield tag="300" ind1=" " ind2=" ">
    <subfield code="a">464p</subfield>
  </datafield>
  <datafield tag="500" ind1=" " ind2=" ">
    <subfield code="a">Security Analysis and Portfolio Management;Security analysis;Portfolio management</subfield>
  </datafield>
  <datafield tag="650" ind1=" " ind2=" ">
    <subfield code="a">Financial Management</subfield>
  </datafield>
  <datafield tag="700" ind1=" " ind2=" ">
    <subfield code="a">Pandian P</subfield>
    <subfield code="9">109634</subfield>
  </datafield>
  <datafield tag="906" ind1=" " ind2=" ">
    <subfield code="b">84</subfield>
  </datafield>
  <datafield tag="999" ind1=" " ind2=" ">
    <subfield code="c">89618</subfield>
    <subfield code="d">89618</subfield>
  </datafield>
  <datafield tag="952" ind1=" " ind2=" ">
    <subfield code="0">0</subfield>
    <subfield code="1">0</subfield>
    <subfield code="4">0</subfield>
    <subfield code="7">0</subfield>
    <subfield code="a">HIMR</subfield>
    <subfield code="b">HIMR</subfield>
    <subfield code="d">2012-03-03</subfield>
    <subfield code="e">Forward Books</subfield>
    <subfield code="g">335.00</subfield>
    <subfield code="i">5076</subfield>
    <subfield code="l">0</subfield>
    <subfield code="o">658.152 PAN B10989</subfield>
    <subfield code="p">HIMR-BK-10989</subfield>
    <subfield code="r">2023-01-25 00:00:00</subfield>
    <subfield code="v">251.00</subfield>
    <subfield code="w">2011-12-14</subfield>
    <subfield code="y">BK</subfield>
    <subfield code="z">B10989</subfield>
  </datafield>
  <datafield tag="952" ind1=" " ind2=" ">
    <subfield code="0">0</subfield>
    <subfield code="1">0</subfield>
    <subfield code="4">0</subfield>
    <subfield code="7">0</subfield>
    <subfield code="a">HIMR</subfield>
    <subfield code="b">HIMR</subfield>
    <subfield code="d">2012-03-03</subfield>
    <subfield code="e">Forward Books</subfield>
    <subfield code="g">335.00</subfield>
    <subfield code="i">5076</subfield>
    <subfield code="l">0</subfield>
    <subfield code="o">658.152 PAN B10991</subfield>
    <subfield code="p">HIMR-BK-10991</subfield>
    <subfield code="r">2023-01-25 00:00:00</subfield>
    <subfield code="v">251.00</subfield>
    <subfield code="w">2011-12-14</subfield>
    <subfield code="y">BK</subfield>
    <subfield code="z">B10991</subfield>
  </datafield>
  <datafield tag="952" ind1=" " ind2=" ">
    <subfield code="0">0</subfield>
    <subfield code="1">0</subfield>
    <subfield code="4">0</subfield>
    <subfield code="7">0</subfield>
    <subfield code="a">HIMR</subfield>
    <subfield code="b">HIMR</subfield>
    <subfield code="d">2012-03-03</subfield>
    <subfield code="e">Forward Books</subfield>
    <subfield code="g">335.00</subfield>
    <subfield code="i">5076</subfield>
    <subfield code="l">0</subfield>
    <subfield code="o">658.152 PAN B10990</subfield>
    <subfield code="p">HIMR-BK-10990</subfield>
    <subfield code="r">2023-01-25 00:00:00</subfield>
    <subfield code="v">251.00</subfield>
    <subfield code="w">2011-12-14</subfield>
    <subfield code="y">BK</subfield>
    <subfield code="z">B10990</subfield>
  </datafield>
  <datafield tag="952" ind1=" " ind2=" ">
    <subfield code="0">0</subfield>
    <subfield code="1">0</subfield>
    <subfield code="4">0</subfield>
    <subfield code="7">0</subfield>
    <subfield code="a">HIMR</subfield>
    <subfield code="b">HIMR</subfield>
    <subfield code="d">2012-03-03</subfield>
    <subfield code="e">Forward Books</subfield>
    <subfield code="g">335.00</subfield>
    <subfield code="i">5076</subfield>
    <subfield code="l">0</subfield>
    <subfield code="o">658.152 PAN B10988</subfield>
    <subfield code="p">HIMR-BK-10988</subfield>
    <subfield code="r">2023-01-25 00:00:00</subfield>
    <subfield code="v">251.00</subfield>
    <subfield code="w">2011-12-14</subfield>
    <subfield code="y">BK</subfield>
    <subfield code="z">B10988</subfield>
  </datafield>
  <datafield tag="952" ind1=" " ind2=" ">
    <subfield code="0">0</subfield>
    <subfield code="1">0</subfield>
    <subfield code="4">0</subfield>
    <subfield code="7">0</subfield>
    <subfield code="a">HIMR</subfield>
    <subfield code="b">HIMR</subfield>
    <subfield code="d">2012-03-03</subfield>
    <subfield code="e">Forward Books</subfield>
    <subfield code="g">335.00</subfield>
    <subfield code="i">5076</subfield>
    <subfield code="l">0</subfield>
    <subfield code="o">658.152 PAN B10987</subfield>
    <subfield code="p">HIMR-BK-10987</subfield>
    <subfield code="r">2023-01-25 00:00:00</subfield>
    <subfield code="v">251.00</subfield>
    <subfield code="w">2011-12-14</subfield>
    <subfield code="y">BK</subfield>
    <subfield code="z">B10987</subfield>
  </datafield>
  <datafield tag="952" ind1=" " ind2=" ">
    <subfield code="0">0</subfield>
    <subfield code="1">0</subfield>
    <subfield code="4">0</subfield>
    <subfield code="7">0</subfield>
    <subfield code="a">HIMR</subfield>
    <subfield code="b">HIMR</subfield>
    <subfield code="d">2006-03-24</subfield>
    <subfield code="e">Varma Book Distributor</subfield>
    <subfield code="g">180.00</subfield>
    <subfield code="l">0</subfield>
    <subfield code="o">658.152 PAN B05053</subfield>
    <subfield code="p">HIMR-BK-5053</subfield>
    <subfield code="r">2023-01-25 00:00:00</subfield>
    <subfield code="v">153.00</subfield>
    <subfield code="w">2006-03-22</subfield>
    <subfield code="y">BK</subfield>
    <subfield code="z">B05053</subfield>
  </datafield>
</record>
